banner-ar

خانقاوات الصوفية فى مصر : (Record no. 62661)

MARC details
000 -الفاتح
حقل البيانات ثابتة الطول 00898nam a22002297a 4500
005 - وقت وتاريخ اخر تعامل مع التسجيلة
رقم الضبط 20240530110601.0
008 - عناصر البيانات ثابتة الطول - معلومات عامة
حقل البيانات ثابتة الطول 160905s1997 ua ahkff b 001 0 ara d
040 ## - مصدر الفهرسة
وكالة الفهرسة الأصلية EG-CaGPL
082 04 - رقم تصنيف ديوى العشرى
رقم الطبعة 21
رقم التصنيف 953.07393
رقم المادة ق/ ع خ
100 0# - المدخل الرئيسى - إسم شخصى
الإسم الشخصى عاصم محمد رزق .
245 10 - بيان العنوان
العنوان خانقاوات الصوفية فى مصر :
بقية العنوان في العصرين الايوبي و المملوكي/
بيان المسئوليه,etc تاليف عاصم محمد رزق .
250 ## - بيان الطبعة
بيان الطبعة ط1 .
260 ## - PUBLICATION, DISTRIBUTION, ETC. (IMPRINT)
تاريخ النشر أو التوزيع 1997 .
300 ## - الوصف المادى
التعداد 2 ج .
تفاصيل ماديه اخرى للوعاء ايض ؛
أبعاد الوعاء 24سم .
490 0# - بيان السلسلة
عنوان السلسلة صفحات من تاريخ مصر ؛
رقم المجلد/ التعيين التسلسلي 31
504 ## - تبصرة ببليوجرافية
تبصرة ببليوجرافية,الخ يشتمل على ارجاعات ببليوجرافيه
650 04 - المدخل الاضافى بالموضوع-مصطلح موضوعى
مصطلح موضوعي التصوف
التقسيم الفرعي العام تاريخ
التقسيم الفرعي الجغرافي مصر
651 04 - المدخل الاضافى بالموضوع - اسم جغرافى
الاسم الجغرافي مصر
التقسيم الفرعي العام تاريخ
التقسيم الفرعي الزمني العصر الايوبى
651 04 - المدخل الاضافى بالموضوع - اسم جغرافى
الاسم الجغرافي مصر
التقسيم الفرعي العام تاريخ
التقسيم الفرعي الزمني عصر المماليك
942 ## - عناصر المدخل الإضافي( كوها)
مصدر التصنيف او مخطط الترفيف Dewey Decimal Classification
Koha [default] item type كتاب
260 ## - PUBLICATION, DISTRIBUTION, ETC. (IMPRINT)
-- القاهرة :
-- مكتبة مدبولي ،
Holdings
حالة التراجع حالة الفقد حالة تلف ليس للاعارة المكان المؤقت الموقع الحالى تاريخ الاكتساب اجمالي اﻻعارات رقم الطلب الباركود تاريخ اخر مشاهدة تاريخ تفعيل السعر نوع وعاء كوها
        مكتبة القاهرة الكبرى مكتبة القاهرة الكبرى 09/05/2016   953.07393 ق/ ع خ 162456 09/05/2016 09/05/2016 كتاب
        مكتبة القاهرة الكبرى مكتبة القاهرة الكبرى 09/05/2016   953.07393 ق/ ع خ 162457 09/05/2016 09/05/2016 كتاب

Powered By

EGPV